[Event "Rated Blitz game"]
[Site "?"]
[Date "2021.10.15"]
[Round "?"]
[White "turtlechess55"]
[Black "Annali-annaliew1979"]
[Result "1-0"]
[WhiteElo "2537"]
[BlackElo "2476"]
[PlyCount "91"]
[EventDate "2021.??.??"]
[EventType "blitz"]

1. e4 e5 2. Nf3 d5 3. d3 dxe4 4. dxe4 Qxd1+ 5. Kxd1 Bg4 6. Nbd2 Nc6 7. c3 O-O-O
8. Kc2 f6 9. Be2 Bc5 10. Rf1 Nge7 11. h3 Bh5 12. a4 a5 13. Nc4 Bg6 14. Nfd2 Kb8
15. f3 Nc8 16. Nb3 Bb6 17. Nxb6 cxb6 18. Be3 N8e7 19. Bxb6 f5 20. Bxd8 Rxd8 21.
Bd3 Rc8 22. Kb1 Rd8 23. Nc1 b6 24. Kc2 Rc8 25. Na2 Nd4+ 26. Kd1 Nb3 27. Rb1 Rd8
28. Ke2 Nc5 29. Rfd1 Nxd3 30. Rxd3 Rc8 31. Ke3 fxe4 32. fxe4 Rf8 33. g3 h5 34.
Rbd1 h4 35. Rd8+ Rxd8 36. Rxd8+ Kc7 37. Rd2 hxg3 38. Rg2 Bf7 39. Nc1 Be8 40.
Rxg3 g6 41. Nd3 Kd6 42. b3 Bf7 43. c4 Nc6 44. Rg5 Nd4 45. Nxe5 Be8 46. Kxd4 {
Normal} 1-0

[Event "Rated Blitz tournament 1l00RDp3"]
[Site "?"]
[Date "2021.10.15"]
[Round "?"]
[White "Isa-Xelilli"]
[Black "dr_xStranger"]
[Result "0-1"]
[WhiteElo "2217"]
[BlackElo "2607"]
[PlyCount "70"]
[EventDate "2021.??.??"]
[EventType "blitz"]

1. e4 e5 2. Nf3 d5 3. d4 dxe4 4. Nxe5 Bd6 5. Nc4 Nf6 6. Nc3 O-O 7. Be3 Re8 8.
Be2 Nc6 9. Qd2 h5 10. h3 a5 11. Nxd6 Qxd6 12. O-O-O a4 13. a3 Na5 14. Bg5 c6
15. Bxf6 Qxf6 16. Bxh5 Nc4 17. Qe2 b5 18. Bg4 Qh6+ 19. Kb1 f5 20. f3 Bd7 21.
fxe4 fxg4 22. hxg4 Qg6 23. Rh4 Rab8 24. Rdh1 Kf7 25. e5 Be6 26. Rf1+ Ke7 27.
Ne4 b4 28. Nc5 bxa3 29. Nxe6 Rxb2+ 30. Ka1 Qxe6 31. Rh7 Nd2 32. Rxg7+ Kd8 33.
d5 Qxd5 34. Rd7+ Kxd7 35. c4 Nb3# {Normal} 0-1

[Event "Rated Blitz game"]
[Site "?"]
[Date "2021.10.15"]
[Round "?"]
[White "HustlinHarper"]
[Black "Taabling"]
[Result "0-1"]
[WhiteElo "2417"]
[BlackElo "2517"]
[PlyCount "68"]
[EventDate "2021.??.??"]
[EventType "blitz"]

1. e4 e5 2. Nf3 d5 3. exd5 Bd6 4. Bb5+ c6 5. dxc6 Nxc6 6. Nc3 Bg4 7. h3 Bh5 8.
g4 Bg6 9. d3 Nf6 10. Bg5 O-O 11. O-O Nd4 12. Bc4 h6 13. Bh4 Re8 14. Nd5 b5 15.
Nxd4 exd4 16. Bb3 a5 17. a3 Ra6 18. Qf3 Be5 19. Rae1 Kh8 20. Re2 Qa8 21. Rfe1
Nxd5 22. Bxd5 Qb8 23. Bg3 f6 24. Bxe5 fxe5 25. Qg3 Qc8 26. Rxe5 Rf8 27. R1e2
Raf6 28. f3 b4 29. axb4 axb4 30. Bb3 Qc7 31. Bd5 Bf7 32. Bxf7 R6xf7 33. Re8
Qxg3+ 34. Kh1 Qxh3+ {Normal} 0-1

[Event "Rated Blitz game"]
[Site "?"]
[Date "2021.10.15"]
[Round "?"]
[White "Vagaviev"]
[Black "Annali-annaliew1979"]
[Result "1-0"]
[WhiteElo "2548"]
[BlackElo "2495"]
[PlyCount "75"]
[EventDate "2021.??.??"]
[EventType "blitz"]

1. e4 e5 2. Nf3 d5 3. Nxe5 Qe7 4. d4 f6 5. Qh5+ g6 6. Nxg6 Qxe4+ 7. Be2 Qxg6 8.
Qxd5 Ne7 9. Qb3 Nbc6 10. Be3 Bf5 11. O-O O-O-O 12. Na3 Nd5 13. Bf3 Be4 14. Bxe4
Qxe4 15. Rfe1 Rg8 16. g3 Qf3 17. Rad1 Bd6 18. c4 Na5 19. Qa4 Bxa3 20. Qxa5 Bb4
21. Qxa7 Bxe1 22. Rxe1 Nxe3 23. Rxe3 Qd1+ 24. Kg2 Qxd4 25. Qa8+ Kd7 26. Qxb7
Rge8 27. Qb5+ c6 28. Qb7+ Kd6 29. c5+ Kxc5 30. Rc3+ Kd5 31. Qxc6+ Ke5 32. f4+
Kf5 33. Rc5+ Kg6 34. f5+ Kh6 35. Kh3 Rg8 36. Rc4 Qd7 37. Qxf6+ Rg6 38. Rh4# {
Normal} 1-0

[Event "Rated Blitz game"]
[Site "?"]
[Date "2021.10.15"]
[Round "?"]
[White "profe-coachchess93"]
[Black "Annali-annaliew1979"]
[Result "1-0"]
[WhiteElo "2570"]
[BlackElo "2484"]
[PlyCount "81"]
[EventDate "2021.??.??"]
[EventType "blitz"]

1. e4 e5 2. Nf3 d5 3. Nxe5 Qe7 4. d4 f6 5. Ng4 Nc6 6. Nc3 Bxg4 7. Qxg4 Nxd4 8.
Nxd5 Qd7 9. Qxd7+ Kxd7 10. Bd3 c6 11. Ne3 Bd6 12. c3 Ne6 13. Nf5 Bf8 14. Be3 g6
15. Nd4 Bh6 16. Ke2 Bxe3 17. Kxe3 Ne7 18. Nxe6 Kxe6 19. Rhd1 f5 20. Bc4+ Kf6
21. Rd6+ Kg5 22. f4+ Kh6 23. Rd7 Rhe8 24. Bf7 fxe4 25. Bxe8 Rxe8 26. c4 Nf5+
27. Ke2 c5 28. g4 Nd4+ 29. Kf1 e3 30. Re1 e2+ 31. Kf2 Re4 32. Rf7 g5 33. Rf6+
Kg7 34. fxg5 Rxg4 35. Rd6 Rxg5 36. Rd5 Rg6 37. Rd7+ Kh6 38. Rf7 Re6 39. Rf4 b6
40. Rg1 Nc2 41. Rh4# {Normal} 1-0

[Event "Rated Blitz game"]
[Site "?"]
[Date "2021.10.15"]
[Round "?"]
[White "purepecha1"]
[Black "BrilliantGambiteer"]
[Result "1-0"]
[WhiteElo "2424"]
[BlackElo "2387"]
[PlyCount "49"]
[EventDate "2021.??.??"]
[EventType "blitz"]

1. e4 e5 2. Nf3 d5 3. Nxe5 Bd6 4. d4 dxe4 5. Nc4 Nf6 6. Be2 O-O 7. Nc3 c6 8. a4
Be7 9. Bf4 Be6 10. Ne3 Bd6 11. Bg3 Qc7 12. O-O Bxg3 13. fxg3 Nbd7 14. Bc4 Bxc4
15. Nxc4 Nb6 16. Ne3 Rad8 17. Rxf6 gxf6 18. Nxe4 Qe7 19. Qg4+ Kh8 20. Nf5 Rg8
21. Qxg8+ Kxg8 22. Nxe7+ Kf8 23. Nf5 Rd5 24. g4 Nc4 25. b3 {Normal} 1-0

[Event "Rated Blitz game"]
[Site "?"]
[Date "2021.10.15"]
[Round "?"]
[White "Boomraiser"]
[Black "geptil"]
[Result "0-1"]
[WhiteElo "2458"]
[BlackElo "2443"]
[PlyCount "50"]
[EventDate "2021.??.??"]
[EventType "blitz"]

1. e4 e5 2. Nf3 d5 3. exd5 e4 4. Qe2 Nf6 5. Nc3 Be7 6. Nxe4 O-O 7. d3 Re8 8.
Be3 Nxd5 9. O-O-O f5 10. Nc3 Nxc3 11. bxc3 f4 12. d4 fxe3 13. fxe3 Be6 14. d5
Bxd5 15. c4 Ba3+ 16. Kb1 Qf6 17. Nd4 Be4 18. Rd3 Bc5 19. Qd1 Bxd3 20. Qxd3 Bxd4
21. exd4 Re1+ 22. Kb2 Nc6 23. c3 Rae8 24. g3 Qf2+ 25. Ka3 Ra1 {Normal} 0-1

[Event "Rated Blitz game"]
[Site "?"]
[Date "2021.10.15"]
[Round "?"]
[White "DarianLopezRodriguez"]
[Black "Benny_Watts_2005"]
[Result "0-1"]
[WhiteElo "2410"]
[BlackElo "2375"]
[PlyCount "52"]
[EventDate "2021.??.??"]
[EventType "blitz"]

1. e4 e5 2. Nf3 d5 3. exd5 e4 4. Qe2 Nf6 5. Nc3 Be7 6. Nxe4 Nxd5 7. d4 O-O 8.
Be3 Re8 9. O-O-O Nc6 10. Qc4 Be6 11. Nfg5 Nxe3 12. Nxe6 Nxc4 13. Nxd8 Nxb2 14.
Nxc6 Nxd1 15. Nxe7+ Rxe7 16. Bd3 f5 17. Bc4+ Kh8 18. Ng5 Nxf2 19. Rf1 Ne4 20.
Nf7+ Kg8 21. Rxf5 Nf6 22. Nd6+ Kf8 23. Nxb7 Rae8 24. g4 Re1+ 25. Kb2 Rb8 26.
Ba6 Re6 {Normal} 0-1

[Event "Rated Blitz game"]
[Site "?"]
[Date "2021.10.14"]
[Round "?"]
[White "divergent_twin"]
[Black "ahoramahora"]
[Result "1-0"]
[WhiteElo "2531"]
[BlackElo "2452"]
[PlyCount "59"]
[EventDate "2021.??.??"]
[EventType "blitz"]

1. e4 e5 2. Nf3 d5 3. Nxe5 Bd6 4. d4 dxe4 5. Bc4 Bxe5 6. Qh5 Qe7 7. Qxe5 Qxe5
8. dxe5 Nc6 9. Nc3 Nxe5 10. Bb3 Nf6 11. Bf4 Ng6 12. Bxc7 O-O 13. O-O-O Bf5 14.
h3 Rac8 15. Bh2 h5 16. Rhe1 Rfe8 17. Nb5 Rc5 18. Nd6 Rd8 19. Bxf7+ Kf8 20. Bb3
b5 21. Nb7 Rxd1+ 22. Rxd1 Rc8 23. Nd6 Rc5 24. Nb7 Rc8 25. Bd6+ Ke8 26. Ba3 Bd7
27. Nd6+ Kd8 28. Nxc8 Kxc8 29. Bc5 a6 30. Bd4 {Normal} 1-0

[Event "Rated Blitz game"]
[Site "?"]
[Date "2021.10.14"]
[Round "?"]
[White "Bierpower"]
[Black "ahoramahora"]
[Result "0-1"]
[WhiteElo "2494"]
[BlackElo "2465"]
[PlyCount "140"]
[EventDate "2021.??.??"]
[EventType "blitz"]

1. e4 e5 2. Nf3 d5 3. exd5 e4 4. Qe2 Nf6 5. Nc3 Be7 6. Nxe4 O-O 7. d3 Qxd5 8.
Nc3 Bb4 9. Be3 Nc6 10. Qd2 Qa5 11. Be2 Nd5 12. O-O Nxc3 13. bxc3 Bxc3 14. Qc1
Bxa1 15. Qxa1 Bg4 16. h3 Bh5 17. g4 Bg6 18. Qb1 Rab8 19. Nd2 Qd5 20. Bf3 Qd7
21. Bg2 b6 22. f4 f6 23. Qb5 Ne5 24. Qd5+ Qxd5 25. Bxd5+ Bf7 26. Be4 Ng6 27. a4
Rfe8 28. Bf2 Nxf4 29. Kh2 Ne6 30. Bg3 Rbd8 31. Rf2 c5 32. Bg2 Nd4 33. Ne4 Bd5
34. c3 Bxe4 35. Bxe4 Ne6 36. c4 Ng5 37. Bd5+ Kh8 38. h4 Ne6 39. Re2 Nd4 40. Rg2
Re2 41. Rxe2 Nxe2 42. Bc7 Re8 43. Kg2 Nd4 44. Kf2 Re2+ 45. Kg3 Re3+ 46. Kf4
Rxd3 47. g5 fxg5+ 48. hxg5 h6 49. Ke4 Rh3 50. Bd8 Rh4+ 51. Ke5 hxg5 52. Kd6 g4
53. Kc7 Rh6 54. Kb8 g3 55. Ka8 Rd6 56. Bg2 Rxd8+ 57. Kb7 Rd7+ 58. Ka6 Rf7 59.
a5 Ne2 60. Kb5 Nf4 61. axb6 axb6 62. Ka6 Nxg2 63. Kb5 Ne3 64. Ka6 Nxc4 65. Kb5
g2 66. Ka6 g1=Q 67. Kb5 Qb1+ 68. Kc6 Rf6+ 69. Kd5 Ne3+ 70. Ke5 Qf5# {Normal}
0-1

[Event "Rated Blitz game"]
[Site "?"]
[Date "2021.10.14"]
[Round "?"]
[White "rofaidah"]
[Black "Annali-annaliew1979"]
[Result "0-1"]
[WhiteElo "2477"]
[BlackElo "2480"]
[PlyCount "106"]
[EventDate "2021.??.??"]
[EventType "blitz"]

1. e4 e5 2. Nf3 d5 3. Nc3 dxe4 4. Nxe4 f5 5. Nc3 e4 6. Ne5 Nf6 7. d4 Be6 8. Bg5
Bd6 9. Bxf6 Qxf6 10. f4 exf3 11. Nxf3 O-O 12. Be2 Nd7 13. O-O a6 14. Qd2 Rae8
15. Rae1 Bf7 16. a3 Bh5 17. Nd5 Qh6 18. Qxh6 gxh6 19. c3 Kg7 20. Nb4 Nf6 21.
Bd3 Bg6 22. Nh4 a5 23. Nc2 Rxe1 24. Nxe1 Ng4 25. h3 Ne3 26. Rf3 f4 27. Bxg6
hxg6 28. Rf2 g5 29. Nhf3 Nd1 30. Rd2 Ne3 31. Nd3 Kf6 32. Nfe5 Kf5 33. Re2 h5
34. Kf2 g4 35. hxg4+ hxg4 36. Ke1 Bxe5 37. Nxe5 g3 38. Kd2 Rh8 39. Nf3 Rh1 40.
Kd3 b5 41. b3 Rd1+ 42. Rd2 Rb1 43. b4 a4 44. Re2 Rb3 45. Ne5 Nd5 46. Rc2 Rxa3
47. Nd7 Nxb4+ 48. Kd2 Nxc2 49. Kxc2 Ra2+ 50. Kd3 Rxg2 51. d5 a3 52. d6 cxd6 53.
Nb6 a2 {Normal} 0-1

[Event "Rated Blitz tournament LCFFngre"]
[Site "?"]
[Date "2021.10.14"]
[Round "?"]
[White "Woelfie123"]
[Black "gmmds2694"]
[Result "0-1"]
[WhiteElo "2230"]
[BlackElo "2673"]
[PlyCount "64"]
[EventDate "2021.??.??"]
[EventType "blitz"]

1. e4 e5 2. Nf3 d5 3. Nxe5 Bd6 4. d4 dxe4 5. Be2 Bxe5 6. dxe5 Qxd1+ 7. Bxd1 Nc6
8. f4 exf3 9. Bxf3 Nxe5 10. Be2 Ne7 11. O-O O-O 12. Nc3 c6 13. Bf4 N7g6 14. Bg3
Re8 15. Rae1 Be6 16. h4 Nc4 17. h5 Nf8 18. Nd1 Bd5 19. Bd3 Nd2 20. Rf4 b5 21.
a4 a6 22. Rd4 Nc4 23. b3 Rxe1+ 24. Bxe1 Ne5 25. Bf1 Ne6 26. Rd2 bxa4 27. Bg3 f6
28. c4 Be4 29. bxa4 Nc5 30. Nc3 Bf5 31. Bxe5 fxe5 32. Rd6 Rc8 {Time forfeit}
0-1

[Event "Rated Blitz game"]
[Site "?"]
[Date "2021.10.14"]
[Round "?"]
[White "SwedishPunkMusic"]
[Black "GrandeGila"]
[Result "1/2-1/2"]
[WhiteElo "2449"]
[BlackElo "2543"]
[PlyCount "74"]
[EventDate "2021.??.??"]
[EventType "blitz"]

1. e4 e5 2. Nf3 d5 3. Nxe5 Bd6 4. d4 dxe4 5. Bc4 Bxe5 6. Qh5 Qe7 7. Qxe5 Qxe5
8. dxe5 Ne7 9. Nc3 O-O 10. Nxe4 Bf5 11. Ng3 Bxc2 12. O-O Nbc6 13. f4 Rad8 14.
Be3 Bd3 15. Rfc1 Bxc4 16. Rxc4 Nd5 17. Bc5 Rfe8 18. Rf1 f6 19. exf6 Nxf6 20.
Rc2 Rd3 21. Nf5 Ne4 22. Ba3 g6 23. Nh6+ Kg7 24. Ng4 Rd7 25. b3 h5 26. Bb2+ Kf7
27. Ne5+ Nxe5 28. fxe5+ Kg8 29. Re2 Rd2 30. Rxd2 Nxd2 31. Rf6 Kg7 32. e6 Ne4
33. Rf7+ Kg8 34. Rg7+ Kf8 35. Rf7+ Kg8 36. Rg7+ Kf8 37. Rf7+ Kg8 {Normal}
1/2-1/2

[Event "Rated Blitz game"]
[Site "?"]
[Date "2021.10.14"]
[Round "?"]
[White "Janou"]
[Black "RiskyBlitzer"]
[Result "1-0"]
[WhiteElo "2468"]
[BlackElo "2494"]
[PlyCount "113"]
[EventDate "2021.??.??"]
[EventType "blitz"]

1. e4 e5 2. Nf3 d5 3. exd5 e4 4. Nd4 Qxd5 5. Nb3 Nf6 6. Nc3 Qe5 7. Be2 Bd6 8.
d4 exd3 9. Qxd3 O-O 10. Be3 Bf5 11. Qd4 Nc6 12. Qxe5 Bxe5 13. O-O-O Bxc3 14.
bxc3 Ne4 15. Kb2 a5 16. a4 Ne5 17. Bf4 Rfe8 18. Bd3 Nd6 19. Bxf5 Nxf5 20. Bxe5
Rxe5 21. Rd7 Re7 22. Rhd1 Kf8 23. Nc5 Nd6 24. Rxe7 Kxe7 25. Re1+ Kd8 26. Kb3 b6
27. Nd3 f6 28. c4 Kd7 29. c5 Nb7 30. Kc4 bxc5 31. Nxc5+ Nxc5 32. Kxc5 Ra6 33.
Kb5 Rb6+ 34. Kxa5 Rb2 35. Re2 Kc6 36. Ka6 Rb8 37. Ka7 Rb7+ 38. Ka6 Rb8 39. Re6+
Kd7 40. Re4 Kc6 41. Rc4+ Kd6 42. Ka7 Rb2 43. a5 c6 44. a6 f5 45. Ka8 Kc7 46.
Rc3 Rb8+ 47. Ka7 Rb5 48. Re3 Kd7 49. Rd3+ Kc7 50. Rh3 h6 51. Rg3 g5 52. Rh3 Re5
53. Rxh6 Re7 54. Rh8 Kd6+ 55. Kb6 c5 56. a7 Kd5 57. a8=Q+ {Normal} 1-0

[Event "Rated Blitz game"]
[Site "?"]
[Date "2021.10.14"]
[Round "?"]
[White "checkmamy"]
[Black "geptil"]
[Result "1-0"]
[WhiteElo "2503"]
[BlackElo "2465"]
[PlyCount "37"]
[EventDate "2021.??.??"]
[EventType "blitz"]

1. e4 e5 2. Nf3 d5 3. exd5 e4 4. Qe2 Nf6 5. d3 Qxd5 6. Nc3 Bb4 7. Bd2 Bxc3 8.
Bxc3 O-O 9. dxe4 Nxe4 10. Rd1 Qf5 11. g4 Nxc3 12. gxf5 Nxe2 13. Bxe2 Bxf5 14.
c3 Nc6 15. O-O Rad8 16. Bb5 Bd7 17. Rfe1 Rfe8 18. Rxe8+ Bxe8 19. Rxd8 {Normal}
1-0

[Event "Rated Blitz game"]
[Site "?"]
[Date "2021.10.14"]
[Round "?"]
[White "Lonesome_lion"]
[Black "Annali-annaliew1979"]
[Result "1-0"]
[WhiteElo "2495"]
[BlackElo "2465"]
[PlyCount "59"]
[EventDate "2021.??.??"]
[EventType "blitz"]

1. e4 e5 2. Nf3 d5 3. Nxe5 Qe7 4. d4 f6 5. Nd3 Nc6 6. Be2 Nxd4 7. exd5 Bg4 8.
f3 Bf5 9. Kf2 O-O-O 10. Nc3 g5 11. Re1 Qd6 12. Kg1 Ne7 13. Bf1 Nxd5 14. Ne4 Qb6
15. Kh1 Nf4 16. Be3 Bxe4 17. fxe4 Qc6 18. Nxf4 gxf4 19. Bxd4 h5 20. c3 h4 21.
Qf3 h3 22. gxh3 Kb8 23. Bg2 Bd6 24. e5 Qxf3 25. Bxf3 fxe5 26. Bxe5 Rxh3 27. Bg2
Rd3 28. Rad1 Rxd1 29. Rxd1 a6 30. Bxf4 {Normal} 1-0

[Event "Rated Blitz game"]
[Site "?"]
[Date "2021.10.14"]
[Round "?"]
[White "Lonesome_lion"]
[Black "Annali-annaliew1979"]
[Result "0-1"]
[WhiteElo "2496"]
[BlackElo "2464"]
[PlyCount "60"]
[EventDate "2021.??.??"]
[EventType "blitz"]

1. e4 e5 2. Nf3 d5 3. Nxe5 Qe7 4. d4 f6 5. Nd3 Nc6 6. Be3 dxe4 7. Nf4 f5 8. Bc4
Nf6 9. Nc3 Na5 10. Be2 a6 11. O-O Qd8 12. d5 b5 13. a3 Bd6 14. Qd4 O-O 15. Rad1
Qe7 16. Rfe1 Bd7 17. f3 g5 18. Ne6 f4 19. Nxf8 Rxf8 20. Bc1 e3 21. Ne4 Nxe4 22.
Qxe4 Qg7 23. b4 Nc4 24. Bxc4 bxc4 25. Qxc4 Bb5 26. Qd4 Be5 27. Qc5 Bc3 28. d6
Bxe1 29. dxc7 Bf2+ 30. Kh1 e2 {Normal} 0-1

[Event "Rated Blitz game"]
[Site "?"]
[Date "2021.10.14"]
[Round "?"]
[White "Anonymous_Beast"]
[Black "fuglfonix"]
[Result "0-1"]
[WhiteElo "2433"]
[BlackElo "2345"]
[PlyCount "42"]
[EventDate "2021.??.??"]
[EventType "blitz"]

1. e4 e5 2. Nf3 d5 3. exd5 e4 4. Qe2 Nf6 5. d3 Qxd5 6. Nc3 Bb4 7. Bd2 Bxc3 8.
Bxc3 O-O 9. Bxf6 exf3 10. Qxf3 Qxf3 11. gxf3 gxf6 12. Rg1+ Kh8 13. Kd2 Nc6 14.
c3 Bf5 15. d4 Rg8 16. Bb5 Rxg1 17. Rxg1 a6 18. Ba4 Ne7 19. Re1 Ng6 20. c4 c6
21. d5 Rd8 {Normal} 0-1

[Event "Rated Blitz game"]
[Site "?"]
[Date "2021.10.14"]
[Round "?"]
[White "Slowcontrol"]
[Black "GrandeGila"]
[Result "0-1"]
[WhiteElo "2398"]
[BlackElo "2539"]
[PlyCount "80"]
[EventDate "2021.??.??"]
[EventType "blitz"]

1. e4 e5 2. Nf3 d5 3. Nxe5 Bd6 4. d4 dxe4 5. Nc3 Bxe5 6. dxe5 Qxd1+ 7. Kxd1 Nc6
8. Bb5 Nge7 9. Nxe4 Bf5 10. Ng3 O-O-O+ 11. Ke1 Bxc2 12. Bg5 Rd5 13. Bxc6 Nxc6
14. f4 Re8 15. Rc1 Bg6 16. Kf2 Rd2+ 17. Kf3 f6 18. exf6 Nd4+ 19. Kg4 h5+ 20.
Kh4 gxf6 21. Bxf6 Ne2 22. Rce1 Nxf4 23. Rxe8+ Bxe8 24. Kg5 Nxg2 25. Rc1 Rd5+
26. Kh6 h4 27. Ne4 Kd7 28. Bxh4 Rh5+ 29. Kg7 Rxh4 30. Nf6+ Ke7 31. Rxc7+ Kd8
32. Rxb7 Bc6 33. Rxa7 Rxh2 34. b4 Nf4 35. a4 Ra2 36. b5 Bxb5 37. Ra8+ Kc7 38.
Ra7+ Kb6 39. Ra8 Bxa4 40. Nd7+ Kc7 {Time forfeit} 0-1

[Event "Rated Blitz game"]
[Site "?"]
[Date "2021.10.14"]
[Round "?"]
[White "LuukDeGrote"]
[Black "ahoramahora"]
[Result "1-0"]
[WhiteElo "2542"]
[BlackElo "2400"]
[PlyCount "93"]
[EventDate "2021.??.??"]
[EventType "blitz"]

1. e4 e5 2. Nf3 d5 3. Nxe5 Bd6 4. d4 dxe4 5. Bc4 Bxe5 6. Qh5 Qe7 7. Qxe5 Qxe5
8. dxe5 Nc6 9. Bb3 Nxe5 10. O-O Nf6 11. Bf4 Nc6 12. Bxc7 O-O 13. Nc3 Bf5 14.
Rfe1 Rfe8 15. Rad1 h6 16. Bg3 Rad8 17. Nb5 Bg6 18. Nc7 Rxd1 19. Rxd1 Rd8 20.
Rxd8+ Nxd8 21. Nb5 a6 22. Nd6 Kf8 23. Kf1 Ke7 24. a4 Nh5 25. Bh4+ Kxd6 26. Bxd8
f5 27. g3 f4 28. Ke2 fxg3 29. hxg3 Nf6 30. Bxf6 gxf6 31. Ke3 Ke5 32. a5 Be8 33.
c3 Bc6 34. Bd1 Bd7 35. Bh5 Bc6 36. Bg4 Bd5 37. Bc8 Bc6 38. c4 f5 39. b3 h5 40.
b4 Kf6 41. Kf4 e3 42. fxe3 Be4 43. b5 axb5 44. cxb5 Kg6 45. a6 bxa6 46. bxa6 h4
47. gxh4 {Normal} 1-0

[Event "Rated Blitz tournament yIlnX23Z"]
[Site "?"]
[Date "2021.10.14"]
[Round "?"]
[White "FedaMaster"]
[Black "Razario90"]
[Result "1-0"]
[WhiteElo "2636"]
[BlackElo "2353"]
[PlyCount "81"]
[EventDate "2021.??.??"]
[EventType "blitz"]

1. e4 e5 2. Nf3 d5 3. Nxe5 dxe4 4. d4 exd3 5. Bxd3 Bd6 6. Nc4 Nf6 7. Nxd6+ Qxd6
8. Qe2+ Be6 9. O-O O-O 10. Nc3 a6 11. Bg5 Bg4 12. Qe3 h6 13. Bxf6 Qxf6 14. Qe4
Qg6 15. Qxb7 Qg5 16. Qxa8 Nd7 17. Qd5 Ne5 18. f4 Bf3 19. fxg5 Bxd5 20. Nxd5 Rd8
21. Be4 c6 22. Nc3 hxg5 23. Rad1 Rb8 24. Rf5 f6 25. Rxe5 fxe5 26. Bxc6 Kf7 27.
Bd5+ Kf6 28. Ne4+ Kf5 29. Rf1+ Kg6 30. Bf7+ Kh6 31. Rf3 g4 32. Rf5 g6 33. Rf6
Kg7 34. Bb3 Rd8 35. Rf7+ Kh6 36. h4 Rd4 37. Ng5 Rd1+ 38. Kf2 g3+ 39. Kxg3 Rd7
40. Rxd7 e4 41. Rh7# {Normal} 1-0

[Event "Rated Blitz game"]
[Site "?"]
[Date "2021.10.14"]
[Round "?"]
[White "FredAga"]
[Black "jeruchess"]
[Result "0-1"]
[WhiteElo "2279"]
[BlackElo "2416"]
[PlyCount "98"]
[EventDate "2021.??.??"]
[EventType "blitz"]

1. e4 e5 2. Nf3 d5 3. d4 dxe4 4. Nxe5 Bd6 5. Nc4 Nc6 6. Nxd6+ Qxd6 7. Be3 Nf6
8. Nc3 O-O 9. Be2 Bf5 10. O-O Ne7 11. Qd2 Ned5 12. Bg5 Nxc3 13. Qxc3 c6 14.
Rad1 Nd5 15. Qb3 h6 16. Bh4 b6 17. Bg3 Qg6 18. c4 Nf6 19. d5 c5 20. Qb5 Rfe8
21. d6 Rad8 22. Qc6 Rd7 23. f3 Red8 24. Be5 Ne8 25. f4 h5 26. Rd5 f6 27. Bc3
Rxd6 28. Rxd6 Rxd6 29. Qa8 Rd7 30. Rd1 Rxd1+ 31. Bxd1 e3 32. Qd5+ Kh7 33. Bf3
Bg4 34. Be4 f5 35. Bd3 e2 36. Qe5 Nf6 37. Bxe2 Bxe2 38. Qxe2 Ng4 39. h3 Nf6 40.
Be5 Nd7 41. Kh2 h4 42. Qf2 Qh6 43. g3 hxg3+ 44. Qxg3 Nxe5 45. fxe5 Qe6 46. Qf4
g6 47. h4 Kg7 48. Kg2 Qc6+ 49. Kg3 Qh1 {Time forfeit} 0-1

[Event "Rated Blitz game"]
[Site "?"]
[Date "2021.10.14"]
[Round "?"]
[White "khatkevich71"]
[Black "bonsitorus"]
[Result "0-1"]
[WhiteElo "2423"]
[BlackElo "2415"]
[PlyCount "68"]
[EventDate "2021.??.??"]
[EventType "blitz"]

1. e4 e5 2. Nf3 d5 3. Nxe5 dxe4 4. Bc4 Nh6 5. d4 exd3 6. Bxh6 gxh6 7. Bxf7+ Ke7
8. Bb3 Bg7 9. Nxd3 Bf5 10. O-O Kd7 11. Nc3 Kc8 12. Qf3 Rf8 13. Rad1 Nc6 14. Nb4
Bd7 15. Nxc6 Qg5 16. Rxd7 Rxf3 17. Rd8+ Qxd8 18. Nxd8 Rxc3 19. Ne6 Rxb3 20.
axb3 Bxb2 21. Rd1 Bf6 22. Nf8 b5 23. Nxh7 Be7 24. g4 a5 25. f4 a4 26. g5 hxg5
27. fxg5 a3 28. g6 a2 29. Ra1 Bc5+ 30. Kf1 Bd4 31. Rd1 a1=Q 32. Rxa1 Rxa1+ 33.
Ke2 Rg1 34. Kd3 Bg7 {Normal} 0-1

[Event "Rated Blitz game"]
[Site "?"]
[Date "2021.10.14"]
[Round "?"]
[White "vivek91"]
[Black "pashpawn"]
[Result "0-1"]
[WhiteElo "2410"]
[BlackElo "2436"]
[PlyCount "44"]
[EventDate "2021.??.??"]
[EventType "blitz"]

1. e4 e5 2. Nf3 d5 3. Nxe5 Qe7 4. d4 f6 5. Nd3 dxe4 6. Nf4 Bf5 7. Bc4 Nc6 8.
Be3 O-O-O 9. c3 g5 10. Ne2 Ne5 11. Qb3 Nd3+ 12. Bxd3 exd3 13. Ng3 Be6 14. Qa4
Kb8 15. O-O f5 16. Bd2 Bd7 17. Qa5 f4 18. Nf5 Qf7 19. g4 h5 20. f3 hxg4 21.
fxg4 Bc6 22. Rf2 Rd5 {Normal} 0-1

[Event "Rated Blitz tournament WhTiB6BB"]
[Site "?"]
[Date "2021.10.14"]
[Round "?"]
[White "SurreyCat"]
[Black "Maltinho"]
[Result "0-1"]
[WhiteElo "2389"]
[BlackElo "2556"]
[PlyCount "52"]
[EventDate "2021.??.??"]
[EventType "blitz"]

1. e4 e5 2. Nf3 d5 3. d3 Bd6 4. c3 Ne7 5. g3 c6 6. Bg2 f5 7. O-O O-O 8. Re1
fxe4 9. dxe4 Bg4 10. h3 Bh5 11. g4 Bg6 12. exd5 Nxd5 13. Nxe5 Bxe5 14. Rxe5 Qf6
15. Re2 Nd7 16. Bxd5+ cxd5 17. Qxd5+ Rf7 18. Be3 Ne5 19. Nd2 Rd8 20. Qc5 b6 21.
Qb4 Nd3 22. Qb3 h5 23. g5 Qf5 24. Nf1 Qxh3 25. Rd1 Qg4+ 26. Ng3 h4 {Normal} 0-1

[Event "Rated Blitz game"]
[Site "?"]
[Date "2021.10.14"]
[Round "?"]
[White "realborg"]
[Black "ahoramahora"]
[Result "1-0"]
[WhiteElo "2443"]
[BlackElo "2405"]
[PlyCount "77"]
[EventDate "2021.??.??"]
[EventType "blitz"]

1. e4 e5 2. Nf3 d5 3. Nxe5 Bd6 4. Nxf7 Kxf7 5. Qh5+ Kf8 6. Qxd5 Nf6 7. Qc4 Qe7
8. Nc3 Be6 9. Qb5 c6 10. Qe2 Bb4 11. g3 Nbd7 12. Bg2 Bg4 13. f3 Bh5 14. d4
Bxc3+ 15. bxc3 c5 16. O-O Re8 17. Ba3 b6 18. Rad1 h6 19. Qf2 Kg8 20. c4 Kh7 21.
e5 Nxe5 22. Rfe1 Nxf3+ 23. Bxf3 Qf7 24. dxc5 bxc5 25. Bxc5 Qxc4 26. Bxh5 Nxh5
27. Qf5+ g6 28. Rd7+ Ng7 29. Rxg7+ Kxg7 30. Qd7+ Kf6 31. Rf1+ Kg5 32. h4+ Kh5
33. Qd1+ Qg4 34. Qd5+ Qf5 35. Rxf5+ Kg4 36. Qf3+ Kh3 37. Qg2+ Kg4 38. Rf4+ Kh5
39. Qf3# {Normal} 1-0

[Event "Rated Blitz tournament LCFFngre"]
[Site "?"]
[Date "2021.10.14"]
[Round "?"]
[White "VOVADAVIDYAN"]
[Black "gmmds2694"]
[Result "0-1"]
[WhiteElo "2276"]
[BlackElo "2679"]
[PlyCount "58"]
[EventDate "2021.??.??"]
[EventType "blitz"]

1. e4 e5 2. Nf3 d5 3. exd5 Bd6 4. Nc3 f5 5. d4 e4 6. Ne5 Nf6 7. Bg5 O-O 8. Be2
Nbd7 9. Nxd7 Bxd7 10. Qd2 h6 11. Bxf6 Qxf6 12. O-O-O a6 13. f3 exf3 14. Bxf3 b5
15. Kb1 b4 16. Ne2 g5 17. g3 a5 18. h4 g4 19. Bg2 a4 20. Rhf1 b3 21. a3 bxc2+
22. Qxc2 Rab8 23. Ka1 Rb3 24. Nc3 Rfb8 25. Rb1 Qxd4 26. Ka2 Qc4 27. Ka1 Be5 28.
Rxf5 Rxa3+ 29. bxa3 Bxc3+ {Normal} 0-1

[Event "Rated Blitz tournament 5485BpRt"]
[Site "?"]
[Date "2021.10.14"]
[Round "?"]
[White "Dynamische_Schnecke"]
[Black "Lur15"]
[Result "1-0"]
[WhiteElo "2582"]
[BlackElo "2386"]
[PlyCount "111"]
[EventDate "2021.??.??"]
[EventType "blitz"]

1. e4 e5 2. Nf3 d5 3. exd5 e4 4. Qe2 Nf6 5. d3 Qxd5 6. Nbd2 Nc6 7. Nxe4 Be6 8.
Nxf6+ gxf6 9. Qe4 Qd7 10. Bd2 O-O-O 11. O-O-O Bxa2 12. Bc3 Bd5 13. Qa4 Bg7 14.
d4 Rhg8 15. Bb5 a6 16. Bd3 f5 17. Nh4 Be4 18. d5 Bh6+ 19. Kb1 Ne7 20. Qxd7+
Rxd7 21. f3 Bxd3 22. Rxd3 Bg5 23. g3 Bxh4 24. gxh4 Nxd5 25. Bd2 Nf6 26. Rxd7
Kxd7 27. Bg5 Nd5 28. Rd1 Kc6 29. c4 Nb4 30. b3 Re8 31. Rd2 b5 32. cxb5+ Kxb5
33. Kb2 c5 34. Kc3 Re1 35. Rd7 Rc1+ 36. Bxc1 Na2+ 37. Kb2 Nb4 38. Rxf7 Nd3+ 39.
Kc2 Ne5 40. Rxf5 Nc6 41. Rf7 Nd4+ 42. Kb1 Nxb3 43. Rxh7 a5 44. h5 a4 45. h6 a3
46. Rb7+ Kc4 47. Rxb3 Kxb3 48. Bxa3 Kxa3 49. h7 c4 50. h8=Q Kb3 51. Qd4 c3 52.
f4 c2+ 53. Kc1 Ka2 54. Kxc2 Ka3 55. Qb6 Ka4 56. Kc3 {Normal} 1-0